Weakest Link: Americas Quiz Stats

 Plays Quiz Updated Apr 23, 2019

Score 0/12 Timer 03:00
52 Plays Today
% Correct
???
100%
???
79.3%
???
73.4%
???
59.3%
???
34%
???
27.3%
???
23%
???
13.5%
???
8.3%
???
7%
???
5.9%
???
5.9%

You're not logged in!

Compare scores with friends on all Sporcle quizzes.
OR
Log In

You Might Also Like...

Show Comments

Extras

Top Quizzes Today


Score Distribution

Your Account Isn't Verified!

In order to create a playlist on Sporcle, you need to verify the email address you used during registration. Go to your Sporcle Settings to finish the process.

Report this User

Report this user for behavior that violates our Community Guidelines.

Details: